000 01243cam a2200349 a 4500
001 13053039
003 OSt
005 20230704160811.0
008 030109s2003 nyua f 001 0 eng d
010 _a 2003268104
020 _a0028009150
035 _a(OCoLC)ocm51165264
040 _aPVA
_cPVA
_dDLC
042 _alccopycat
043 _an-us---
082 0 0 _a363.2
_bCHA
100 1 _aChampion, Darl H.
245 1 0 _aIntroduction to American policing /
_cDarl H. Champion Sr., Michael K. Hooper.
246 3 0 _aAmerican policing
260 _aNew York :
_bGlencoe McGraw-Hill,
_cc2003
300 _axxxiii, 653 p. :
_bill.;
_c26 cm.
504 _aIncludes bibliographical references and index.
650 0 _aPolice
_zUnited States.
650 0 _aPolice administration
_zUnited States.
650 0 _aLaw enforcement
_zUnited States.
700 1 _aHooper, Michael
_q(Michael K.)
856 4 2 _3Publisher description
_uhttp://www.loc.gov/catdir/description/mh031/2003268104.html
856 4 1 _3Table of contents
_uhttp://www.loc.gov/catdir/toc/mh031/2003268104.html
906 _a7
_bcbc
_ccopycat
_d2
_encip
_f20
_gy-gencatlg
942 _2ddc
_cBK
999 _c3930
_d3930